| 000 | 00794nam a22002057a 4500 | ||
|---|---|---|---|
| 003 | NUST-PNEC | ||
| 005 | 20170116180712.0 | ||
| 008 | 141014b xxu||||| |||| 00| 0 eng d | ||
| 020 | _a083111200x | ||
| 040 | _cPNEC | ||
| 082 | _a621.8020 OBE | ||
| 100 |
_9584 _aOberg, Erik |
||
| 245 |
_aMachinery's handbook : a reference book for the mechanical engineer, designer, manufacturing engineer, draftsman, toolmaker, and machinist _cErik Oberg |
||
| 250 | _a23rd ed. | ||
| 260 |
_aNew York : _b Industrial Press, _cc1988. |
||
| 300 |
_axiii, 2511 pages : _b illustrations ; _c19 cm |
||
| 500 | _aIncludes Index http://www.amazon.com/Machinerys-Handbook-23rd-Revised-Oberg/dp/083111200X/ref=sr_1_1?s=books&ie=UTF8&qid=1413286012&sr=1-1&keywords=083111200x | ||
| 650 | _xME | ||
| 942 |
_2ddc _cBK |
||
| 999 |
_c61015 _d61015 |
||